LEADER 01852nam0 2200349 i 450 001 SUN0004534 005 20120313115540.405 020 $aIT$b82 1538 100 $a20020723d1981 |0itac50 ba 101 $aita 102 $aIT 105 $a|||| ||||| 200 1 $aˆIl ‰regime delle trasformazioni urbanistiche ed edilizie$ecommentario della Legge n. 10, 1977$esecondo aggiornamento$fVincenzo Giuffrè 210 $aNapoli$cJovene$d1981 215 $aVIII, 374 p.$d24 cm$e1 fasc. (16 p.). 606 $aAree fabbricabili$xLegislazione$2FI$3SUNC002842 606 $aDiritto di edificare$xLegislazione$2FI$3SUNC002852 606 $aDiritto di edificare$xGiurisprudenza$2FI$3SUNC002853 620 $dNapoli$3SUNL000005 676 $a346$cDiritto privato$v22 700 1$aGiuffrè$b, Vincenzo$3SUNV001791$0352913 712 $aJovene$3SUNV000014$4650 801 $aIT$bSOL$c20181109$gRICA 912 $aSUN0004534 950 $aUFFICIO DI BIBLIOTECA DEL DIPARTIMENTO DI GIURISPRUDENZA$d00 CONS FTA.422 $e00 FTN83361 950 $aUFFICIO DI BIBLIOTECA DEL DIPARTIMENTO DI GIURISPRUDENZA$d00 CONS IV.Eof.17 $e00 115933339 950 $aUFFICIO DI BIBLIOTECA DEL DIPARTIMENTO DI GIURISPRUDENZA$d00 CONS IV.Eof.17 bis $e00 FT 36651 995 $aUFFICIO DI BIBLIOTECA DEL DIPARTIMENTO DI GIURISPRUDENZA$gFTN$h83361$kCONS FTA.422$op$qa 995 $aUFFICIO DI BIBLIOTECA DEL DIPARTIMENTO DI GIURISPRUDENZA$h115933339$kCONS IV.Eof.17$op$qa 995 $aUFFICIO DI BIBLIOTECA DEL DIPARTIMENTO DI GIURISPRUDENZA$gFT$h36651$kCONS IV.Eof.17 bis$op$qa 996 $aRegime delle trasformazioni urbanistiche ed edilizie$9325372 997 $aUNICAMPANIA LEADER 02526oas 22008413a 450 001 9910131307503321 005 20250814213021.0 011 $a2163-3819 035 $a(OCoLC)560425100 035 $a(CONSER) 2011201781 035 $a(CKB)954925381006 035 $a(EXLCZ)99954925381006 100 $a20100318a19259999 uy a 101 0 $aeng 135 $aurbn||||||abp 135 $aurbn||||||ada 181 $ctxt$2rdacontent 182 $cc$2rdamedia 183 $acr$2rdacarrier 200 10$aArchitectural digest 210 $aLos Angeles $cJohn C. Brasfield Pub. Corp 300 $a"The international magazine of fine interior design." 300 $aPublished by: Knapp Communications Corp., -1984; by: Architectural Digest Pub. Corp., 1985- ; by: Conde Nast Publications Inc., 300 $aSome issues have distinctive titles. 311 0 $aArchitectural digest 0003-8520 517 3 $aArchitectural digest 100 517 1 $aAD 100 517 1 $aAD 606 $aArchitecture$vPeriodicals 606 $aInterior decoration$zCalifornia$vPeriodicals 606 $aDe?coration inte?rieure$zCalifornie$vPe?riodiques 606 $aArchitecture$zCalifornie$y20e sie?cle$vPe?riodiques 606 $aInterior decoration$2fast$3(OCoLC)fst00976327 606 $aArchitecture$2fast$3(OCoLC)fst00813346 606 $aDECORACION DE INTERIORES$xPUBLICACIONES PERIODICAS$2renib 607 $aCalifornia$2fast$1https://id.oclc.org/worldcat/entity/E39PBJt8p3GDkhpJkC9y6FY3wC 608 $aPeriodicals. 608 $aPeriodicals.$2aat 608 $aPeriodicals.$2fast 608 $aPeriodicals.$2lcgft 615 0$aArchitecture 615 0$aInterior decoration 615 6$aDe?coration inte?rieure 615 6$aArchitecture 615 7$aInterior decoration. 615 7$aArchitecture. 615 7$aDECORACION DE INTERIORES$xPUBLICACIONES PERIODICAS. 801 0$bOCLCE 801 1$bOCLCE 801 2$bIL4I4 801 2$bADU 801 2$bOCLCS 801 2$bAZU 801 2$bTXJ 801 2$bOCLCQ 801 2$bDLC 801 2$bOCL 801 2$bOCLCQ 801 2$bCOO 801 2$bOCLCO 801 2$bOCLCF 801 2$bOCLCO 801 2$bOCLCQ 801 2$bDLC 801 2$bOCLCO 801 2$bOCLCQ 801 2$bOCL 801 2$bOCLCL 801 2$bOCLCQ 906 $aJOURNAL 912 $a9910131307503321 996 $aArchitectural digest$92201362 997 $aUNINA